Jump Between Capital Cities of Island and Landlocked Countries: start in Reykjavik - Statistics

General Stats
  • This quiz has been taken 353 times
    240 since last reset
  • The average score is 55 of 91
Answer Stats
D (km) Capital City % Correct
2,317 Luxembourg
99%
490 London
98%
748 Bern
94%
1,314 Vaduz
94%
1,206 Dublin
94%
1,315 Valletta
92%
1,964 Nicosia
91%
689 Vatican City
89%
1,647 Manama
86%
1,128 Yerevan
83%
4,044 Male
81%
2,370 Colombo (Sri...)
80%
1,493 Ashgabat
79%
2,889 Kathmandu
79%
2,497 Thimphu
77%
3,188 Taipei
76%
2,109 Vientiane
75%
1,849 Singapore
75%
5,147 Kabul
72%
1,566 Antananarivo
72%
2,345 Moroni
72%
2,793 Port Louis
72%
3,944 Sao Tome
72%
4,565 Victoria
71%
1,745 Harare
70%
1,057 Lilongwe
70%
2,777 Mbabane
70%
4,752 Praia
70%
2,389 Addis Ababa
69%
1,695 Bamako
69%
1,388 Bangui
69%
5,592 Bridgetown
68%
3,310 Port-of-Spain
68%
4,156 Saint George's
68%
4,001 Asuncion
67%
3,607 Sucre (La Paz)
67%
6,432 Castries
67%
6,537 Ouagadougou
64%
6,825 Roseau
64%
6,569 Saint John's
63%
6,725 Andorra la Vella
62%
6,850 Niamey
62%
7,517 Basseterre
61%
7,556 San Marino
59%
8,012 Vienna
59%
8,287 Bratislava
58%
7,874 Kingstown
58%
8,232 Santo Domingo
57%
8,794 Belgrade
56%
8,451 Budapest
56%
7,640 Prague
56%
9,174 Kingston
56%
8,290 Nassau
56%
8,612 Port-au-Prince
56%
9,302 Pristina
54%
6,323 Jakarta
54%
3,915 Manila
54%
9,325 Tokyo
54%
5,410 Bishkek
53%
6,505 Tashkent
53%
7,414 Melekeok (Ngerulmud)
53%
5,957 Dushanbe
52%
3,014 Ulaanbaatar
52%
5,780 Bandar Seri Begawan
52%
8,401 Dili
52%
11,035 Palikir
48%
7,508 Nur-Sultan
47%
9,429 Baku
43%
13,632 Port Moresby
43%
13,770 Honiara
42%
11,847 Minsk
41%
9,388 Skopje
40%
16,266 Nuku'alofa
40%
14,819 Port-Vila
40%
11,496 Wellington
40%
15,910 Kigali
39%
1,148 Apia
39%
15,069 Suva
39%
15,050 Yaren
39%
12,970 Majuro
38%
15,984 Tarawa
38%
18,540 N'Djamena
37%
18,254 Funafuti
37%
13,814 Chisinau
36%
12,271 Maseru
36%
9,176 Havana
36%
12,032 Gaborone
35%
15,881 Gitega
35%
14,955 Kampala
35%
14,307 Lusaka
33%
15,377 Juba
31%
No matching quizzes found
Score Distribution
Percent of People with Each Score
Percentile by Number Answered
Your Score History
You have not taken this quiz since the last reset